[Event "Bhubaneswar Pillai Memorial"]
[Site "Bhubaneswar"]
[Date "2016.11.22"]
[Round "5"]
[White "Bhabesh, Mohanty"]
[Black "Uttam, Chatria"]
[Result "1-0"]
[WhiteElo "1764"]
[BlackElo "1347"]
[PlyCount "27"]
[EventDate "2016.11.20"]
[EventType "swiss"]
[EventRounds "11"]
[EventCountry "IND"]
[SourceTitle "CBM 175 Extra"]
[Source "ChessBase"]
[SourceDate "2016.12.12"]
[SourceVersion "1"]
[SourceVersionDate "2016.12.12"]
[SourceQuality "1"]

1. b3 e5 2. Bb2 Nc6 3. c4 Bc5 4. e3 Nf6 5. Nc3 d5 6. cxd5 Nxd5 7. Nge2 Be6 8. Ng3 Nxc3 9. dxc3 Qxd1+ 10. Rxd1 0-0 11. Bb5 Nb8 12. Ke2 f6 13. Ne4 Be7 14. f3 1-0